ბათუმის შოთა რუსთაველის სახელმწიფო უნივერსიტეტის ბიბლიოთეკა

ბურჟუაზიული ვულგარული პოლიტიკური ეკონომიის კრიტიკა: (ბიბ.ჩანაწერი № 63526)

000 -ლიდერი
ფიქსირებული სიგრძის საკონტროლო ველი 01235nam a22002057a 4500
003 - საკონტროლო ნომრის იდენტიფიკატორი
საკონტროლო ველი Ge_BSU
005 - ბოლო ოპერაციის თარიღი და დრო
საკონტროლო ველი 20251024205620.0
008 - ფიქსირებული სიგრძის მონაცემთა ელემენტები - ზოგადი ინფორმაცია
ფიქსირებული სიგრძის საკონტროლო ველი 251024s1962 ge ||||| |||| 00| 0 geo d
041 ## - ენის კოდი
Language code of text/sound track or separate title geo
080 ## - უნივერსალური ათობითი კლასიფიკაციის ინდექსი
Universal Decimal Classification number 330.83(042.4) ჭ-23
100 ## - მთავარი ჩანაწერი - პიროვნების სახელი
Personal name ჭანუყვაძე, გ.
9 (RLIN) 26110
245 ## - ცნობა სათაურის შესახებ
Title ბურჟუაზიული ვულგარული პოლიტიკური ეკონომიის კრიტიკა:
Remainder of title ნაწ. 1, მასალები ლექციებისათვის ეკონომიურ მოძღვრებათა ისტორიაში /
Statement of responsibility, etc გ. ჭანუყვაძე ; რედ. ვ. ბახტაძე.
264 ## - წარმოების, გამოცემის, დისტრიბუციის და სხვა ცნობები
გამოცემის, წარმოების, დისტრიბუციის... ადგილი თბილისი :
გამოცემის, წარმოების, დისტრიბუციის... სახელწოდება თბილ. უნ-ტის გამ-ბა და სტ.,
გამოცემის, წარმოების, დისტრიბუციის... თარიღი 1962.
300 ## - ფიზიკური აღწერა
Extent 383 გვ.;
Other physical details 22 სმ.
504 ## - BIBLIOGRAPHY, ETC. NOTE
Bibliography, etc ბიბლიოგრაფია შენიშვნებში.
653 ## - INDEX TERM--UNCONTROLLED
Uncontrolled term ბურჟუაზიული პოლიტიკური ეკონომია
653 ## - INDEX TERM--UNCONTROLLED
Uncontrolled term ვულგარული პოლიტიკური ეკონომია.
700 ## - ADDED ENTRY--PERSONAL NAME
Personal name ბახტაძე, ვ.
Relator term რედაქტორი
9 (RLIN) 26112
942 ## - ADDED ENTRY ELEMENTS (KOHA)
Source of classification or shelving scheme
Koha item type წიგნი
ეგზემპლარები
ჩამოწერის სტატუსი დაკარგული ეგზემპლარის სტატუსი კლასიფიკაციის წყარო ან თაროზე გაწყობის სქემა დაზიანების სტატუსი არ გაიცემა მუდმივი მდებარეობა (დაცვის ადგილი) ამჟამინდელი ადგილსამყოფელი თაროზე განთავსების ადგილი შეძენის თარიღი ღირებულება, შესყიდვის ნორმალური ფასი სრული შენახვის შიფრი შტრიხკოდი ბოლო ოპერაციის თარიღი ეგზემპლარის მიმდევრობითი ნომერი (კეტერი?) ფასის ძალაში შესვლის თარიღი ეგზემპლარის სახეობა საჯარო შენიშვნა
          ბათუმის შოთა რუსთაველის სახელმწიფო უნივერსიტეტის მთავარი ბიბლიოთეკა ბათუმის შოთა რუსთაველის სახელმწიფო უნივერსიტეტის მთავარი ბიბლიოთეკა წიგნსაცავი 2025-10-24 3.36 330.83(042.4) ჭ-23 72809 2025-10-24 72809 2025-10-24 წიგნი 3 ლ. 36 თ.
          ბათუმის შოთა რუსთაველის სახელმწიფო უნივერსიტეტის მთავარი ბიბლიოთეკა ბათუმის შოთა რუსთაველის სახელმწიფო უნივერსიტეტის მთავარი ბიბლიოთეკა წიგნსაცავი 2025-11-19 3.36 330.83(042.4) ჭ-23 73119 2025-11-19 73119 2025-11-19 წიგნი 3 ლ. 36 თ.
          ბათუმის შოთა რუსთაველის სახელმწიფო უნივერსიტეტის მთავარი ბიბლიოთეკა ბათუმის შოთა რუსთაველის სახელმწიფო უნივერსიტეტის მთავარი ბიბლიოთეკა წიგნსაცავი 2025-11-19 3.36 330.83(042.4) ჭ-23 73120 2025-11-19 73120 2025-11-19 წიგნი 3 ლ. 36 თ.